| 000 | 00352nam a2200133Ia 4500 | ||
|---|---|---|---|
| 008 | 230917s9999||||xx |||||||||||||| ||und|| | ||
| 040 |
_e160811 _aMAIN |
||
| 041 | _aEnglish | ||
| 082 | _a891.2109 S24S:H | ||
| 100 | _aSurender Singh | ||
| 245 | 0 | _aHazarilal Shastri Vidyalankar ki kratiyon ka kavyashastriya adhayayan | |
| 300 | _a225 p. | ||
| 942 | _cTH | ||
| 999 |
_c87665 _d87665 |
||